| 000 | 00000nas##2200000za#4500 |
| 001 | 9.505174 |
| 003 | CaOODSP |
| 005 | 20200325131603 |
| 007 | cr ||||||||||| |
| 008 | 150406c2004||||xxc|| p o||||f| |0eng|d |
| 040 | |aCaOODSP|beng |
| 043 | |an-cn--- |
| 086 | 1 |aA27-28E-PDF |
| 110 | 1 |aCanada.|bAgriculture and Agri-Food Canada. |bRural Secretariat. |
| 245 | 10|aManitoba RRN connection : |h[electronic resource]|brural, remote, northern / |cPublished by Rural Team Manitoba. |
| 246 | 1 |iAlternate title : |aManitoba rural, remote, northern connection |
| 260 | |aWinnipeg - Manitoba : |bAgriculture and Agri-Food Canada. |
| 310 | |aIrregular |
| 362 | 1 |aWinter 2004--Winter 2007 |
| 500 | |aContinued by: A112-6/* Manitoba/Saskatchewan RRN connection. |
| 775 | 08|tManitoba connexion REN : |w(CaOODSP)9.501574 |
| 776 | 0#|tManitoba RRN connection : |w(CaOODSP)9.511324 |
| 776 | 0#|tManitoba Connexion REN : |w(CaOODSP)9.511325 |
| 776 | 0#|tManitoba RRN connection / |w(CaOODSP)9.515209 |